01441nam a2200361 a 450000100060000000300080000600500170001400600190003100700150005000800410006502000180010603500230012403500240014703500250017103500210019604000260021705000280024308000150027108200160028624501820030226001120048430000110059644000350060753301640064265000280080665000150083465000390084965500270088870000380091570000450095371000190099885600620101748246FlNmELB20241216231931.0m o d | cr cn|||||||||201002r2007 mx |||||s|||||||||||spa d z9789684966109 a(MiAaPQ)EBC3186646 a(Au-PeEL)EBL3186646 a(CaPaEBR)ebr10357579 a(OCoLC)928933354 aFlNmELBbspacFlNmELB 4aHV6250.4.W65bE612 2007 a343.54(72)04a364.15222200aEntre las duras aristas de las armash[recurso electronico] :bviolencia y victimización en Ciudad Juárez /ccoords. Patricia Ravelo Blancas, Héctor Domínguez Ruvalcaba. aMéxico, D.F. :bCIESAS - Centro de Investigaciones y Estudios Superiores en Antropología Social,c2007. a219 p. 0aPublicaciones de la Casa Chata aRecurso electrónico. Santa Fe, Arg.: e-libro, 2015. Disponible vía World Wide Web. El acceso puede estar limitado para las bibliotecas afiliadas a e-libro. 4aDelincuenciazMéxico. 4aViolencia. 4aViolencezMexicozCiudad Juárez. 4aLibros electrónicos.1 aRavelo Blancas, Patricia,ecoord.1 aDomínguez Ruvalcaba, Héctor,ecoord.2 ae-libro, Corp.40uhttps://elibro.net/ereader/politecnicointernacional/72477